Účtovanie opravných položiek dlhodobého majetku v podnikateľských subjektoch a ich vplyv na základ dane z príjmov
Účtovanie opravných položiek k dlhodobému majetku. Vplyv opravných položiek na základ dane. Uplatnenie internej kontroly účtovania opravných položiek. Závery autoriek článku z vykonanej analýzy.
Enregistré dans:
| Auteur principal: | |
|---|---|
| Autres auteurs: | |
| Format: | Chapitre de livre |
| Langue: | slovaque |
| Sujets: | |
| Tags: |
Pas de tags, Soyez le premier à ajouter un tag!
|
MARC
| LEADER | 00000naa$a2200000$$$4500 | ||
|---|---|---|---|
| 001 | 0082955 | ||
| 005 | 20240502083221.1 | ||
| 041 | 0 | |a slo | |
| 044 | |a CZ | ||
| 245 | 1 | 0 | |a Účtovanie opravných položiek dlhodobého majetku v podnikateľských subjektoch a ich vplyv na základ dane z príjmov |c Mária Vépyová, Sylvia Kastlerová |
| 520 | |a Účtovanie opravných položiek k dlhodobému majetku. Vplyv opravných položiek na základ dane. Uplatnenie internej kontroly účtovania opravných položiek. Závery autoriek článku z vykonanej analýzy. | ||
| 610 | 2 | 0 | |a položky opravné |
| 610 | 2 | 0 | |a účtovníctvo |
| 610 | 2 | 0 | |a účtovanie |
| 610 | 2 | 0 | |a majetok dlhodobý |
| 610 | 2 | 0 | |a základ dane |
| 610 | 2 | 0 | |a podnikatelia |
| 100 | 1 | |a Vépyová, Mária | |
| 700 | 1 | |a Kastlerová, Sylvia | |